MARC details
| 000 - LÍDER |
| campo de control de longitud fija |
01340nam a2200265Ia 4500 |
| 008 - ELEMENTOS DE DATOS DE LONGITUD FIJA - INFORMACIÓN GENERAL |
| campo de control de longitud fija |
0000002006 sp ad 0000000000mul00 |
| 090 ## - NÚMERO DE LLAMADA DE TIPO LC LOCALMENTE ASIGNADO (OCLC) |
| Número de clasificación (OCLC) (R) |
PSP00 A57a2 |
| 245 10 - TÍTULO DECLARACIÓN |
| Título |
Antoni Tápies |
| Declaración de responsabilidad |
/ traducción Lorraine Kerslake ; fotografías Gasull, Teresa T...pies Domenech |
| 260 ## - PUBLICACIÓN, DISTRIBUCIÓN |
| Lugar de publicación |
Madrid : Galería Soledad Lorenzo |
| Fecha de publicación |
2006 |
| 300 ## - DESCRIPCIÓN FÍSICA |
| Alcance |
36 p. |
| Dimensiones |
/ 27 cm. |
| 500 ## - NOTA GENERAL |
| Nota general |
Exposición realizada en Galería Soledad Lorenzo, noviembre 16 diciembre 23, 2006 \ Incluye cronología del artista \ Texto bilingue : español inglés \ Proyecto Ganador Programa Apoyos Concertados FGAA 2010 |
| 501 ## - Con nota |
| Con nota |
La mano y la náusea = Nausea and the hand / Guillermo Solana |
| 505 ## - NOTA DE CONTENIDO FORMATEADA |
| Nota sobre el contenido formateado |
OBRAS : Lligat Má foradada Oida Mar Aucune chose Esgrafiats vermells Trapezi negre Franja negra Pot de pintura Sageta del temps R i ala Máteria grisa Relleus circulars Terra i palla |
| 600 00 - ENTRADA DE SUJETO AÑADIDO - NOMBRE PERSONAL |
| Nombre de la persona |
TAPIES, ANTONIO, 1923201/ |
| Subdivisión general |
TRABAJOS PICTORICOS |
| 650 14 - ENTRADA DE SUJETO AÑADIDO - TÉRMINO TÓPICO |
| Término tópico o elemento de entrada del nombre geográfico |
ARTE CONTEMPORANEO ESPAÑOL |
| 650 14 - ENTRADA DE SUJETO AÑADIDO - TÉRMINO TÓPICO |
| Término tópico o elemento de entrada del nombre geográfico |
ARTISTAS PLASTICOS ESPAÑOLES EXPOSIONES |
| 650 14 - ENTRADA DE SUJETO AÑADIDO - TÉRMINO TÓPICO |
| Subdivisión general |
CATALOGOS |
| 650 14 - ENTRADA DE SUJETO AÑADIDO - TÉRMINO TÓPICO |
| Término tópico o elemento de entrada del nombre geográfico |
COLLAGE |
| 650 14 - ENTRADA DE SUJETO AÑADIDO - TÉRMINO TÓPICO |
| Subdivisión general |
EXPOSICIONES |
| 650 14 - ENTRADA DE SUJETO AÑADIDO - TÉRMINO TÓPICO |
| Término tópico o elemento de entrada del nombre geográfico |
PINTORES ESPAÑOLES |
| 650 14 - ENTRADA DE SUJETO AÑADIDO - TÉRMINO TÓPICO |
| Término tópico o elemento de entrada del nombre geográfico |
PINTURA (TECNICA MIXTA) |
| 650 14 - ENTRADA DE SUJETO AÑADIDO - TÉRMINO TÓPICO |
| Término tópico o elemento de entrada del nombre geográfico |
PINTURA ESPAÑOLA |
| 650 14 - ENTRADA DE SUJETO AÑADIDO - TÉRMINO TÓPICO |
| Término tópico o elemento de entrada del nombre geográfico |
PINTURA SOBRE MADERA |
| 700 1# - ENTRADA AGREGADA - NOMBRE PERSONAL |
| Nombre de la persona |
Kerslake, Lorraine \ Gasull \ T...pies Domenech, Teresa |